000 01468nam a2200397 i 4500
001 ELB160287
003 FINmELB
005 20250326043235.0
006 m o d |
007 cr cnu||||||||
008 210921s2020 ck o 001 0 spa d
020 _a9789585264892
_q(print)
035 _a(OCoLC)1285725558
040 _aFINmELB
_bspa
_erda
_cFINmELB
050 4 _aHF5627
_bS669 2020
080 _a657
082 0 4 _a657.068
_223
100 1 _aSánchez Ch., Walter,
_eautor.
245 1 0 _a¿Qué aprender? en Contaduría Pública ¿Qué Enseñar? /
_cWalter Sánchez Ch.
264 1 _aBogota, Colombia :
_bGrupo Editorial Nueva Legislación SAS,
_c2020.
300 _a1 recurso en línea (272 páginas)
336 _atexto
_btxt
_2rdacontent/spa
337 _acomputadora
_bc
_2rdamedia/spa
338 _arecurso en línea
_bcr
_2rdacarrier/spa
500 _aíndice.
588 _aDescripción basada en metadatos suministrados por el editor y otras fuentes.
590 _aRecurso electrónico. Santa Fe, Arg.: elibro, 2021. Disponible vía World Wide Web. El acceso puede estar limitado para las bibliotecas afiliadas a elibro.
650 4 _aAccounting.
650 4 _aContabilidad.
655 4 _aLibros electrónicos.
797 2 _aelibro, Corp.
856 4 0 _uhttps://elibro.net/ereader/usam/160287
999 _c143103
_d143103